| 000 | 01400ngm a22003730a 4500 | ||
|---|---|---|---|
| 001 | PT27785 | ||
| 003 | AR-LpoUNG | ||
| 005 | 20210201232254.0 | ||
| 007 | co ||u|||uuuuu | ||
| 008 | 191001s2007||||ck |||||||||||||||||spa d | ||
| 020 |
_a9789568555054 _c$100 |
||
| 040 |
_aAR-LpoUNG _bspa _cAR-LpoUNG _eaacr |
||
| 041 | _aspa | ||
| 044 | _ack | ||
| 082 | 0 | _a305.4 787pai | |
| 245 | 1 | 0 |
_aDemocracia en el país, democracia en la casa, democracia paritaria : _bpercepciones de las mujeres sobre su situación y condiciones de vida en Argentina, Bolivia, Chile, Ecuador y Perú : informe regional |
| 260 |
_a[Bogotá] : _bAndros, _c[2007]. |
||
| 300 | _atbls. | ||
| 505 | 0 | _aAcompaña al impreso | |
| 520 | _aPromueve una reflexión crítica sobre los derechos humanos de las mujeres en la región a partir de diagnósticos nacionales que dan cuenta de tendencias y dificultades en la concreción de los mismos. | ||
| 650 | 4 | _aAMERICA LATINA | |
| 650 | 4 | _aANALISIS DE GENERO | |
| 650 | 4 | _aDERECHOS HUMANOS | |
| 650 | 4 | _aDISCRIMINACION BASADA EN EL GENERO | |
| 650 | 4 | _aIGUALDAD DE GENERO | |
| 650 | 4 | _aIGUALDAD DE OPORTUNIDADES | |
| 650 | 4 | _aJUSTICIA SOCIAL | |
| 650 | 4 | _aMUJERES | |
| 650 | 4 | _aVIOLENCIA | |
| 651 | 4 | _aAmérica Latina | |
| 710 | 2 | _aCorporación Humanas. Centro Regional de Derechos Humanos y Justicia de Género (Bogotá) | |
| 905 | _a27785 | ||
| 942 | _cCDDVD | ||
| 999 |
_c53211 _d53211 |
||